| 000 | 01079cam a2200337 i 4500 | ||
|---|---|---|---|
| 001 | 005180419 | ||
| 003 | YEEZEN | ||
| 005 | 20241029103221.0 | ||
| 008 | 240515s2023 ch a g 000 0 chi d | ||
| 020 |
_a9786267388013 _q(平裝) : _cNT$480 |
||
| 040 |
_amcutl _bchi _cmcutl _dmcutl _eccr |
||
| 041 | 0 | _achi | |
| 042 | _anbic | ||
| 044 | _ach | ||
| 084 |
_a923.33 _2ncsclt |
||
| 090 | _a923.33 | ||
| 100 | 1 | _a李清志 | |
| 245 | 1 | 0 |
_a在自己的城市旅行 : _b都市偵探李清志台灣建築迷走 = Becoming a traveller in your own city / _c李清志著 |
| 246 | 1 | _a都市偵探李清志臺灣建築迷走 | |
| 246 | 3 | 0 | _a都市偵探李清志台灣建築迷走 |
| 246 | 3 | 1 | _aBecoming a traveller in your own city. |
| 250 | _a初版 | ||
| 260 |
_a臺北市 : _b大塊文化出版 ; _a新北市 : _b大和書報總經銷, _c2023.12 |
||
| 300 |
_a311面 : _b彩圖 ; _c21公分 |
||
| 490 | 1 |
_atone ; _v46. |
|
| 650 | 7 |
_a建築美術設計 _2lcstt. |
|
| 650 | 7 |
_a建築史 _2lcstt. |
|
| 650 | 7 |
_a臺灣遊記 _2lcstt. |
|
| 830 | 0 |
_atone ; _v46. |
|
| 942 |
_2ccl _cBOOK |
||
| 999 |
_c7614 _d7614 |
||